000 00992nam a22002297a 4500
003 OSt
005 20250827105745.0
008 240308b ||||| |||| 00| 0 eng d
040 _c0
082 _aDPer 621.317 Ie21 July 2022 v. 37 n. 7
100 _aLin, Faa-Jeng.
_eauthor.
_954153
245 _aDevelopment of intelligent controlled microgrid for power sharing and load shedding /
_cFaa-Jeng Lin, Kuang-Hsiung Tan, Chao-Fu Chang, Meng-Yang Li, and Tzu-Yu Tseng.
260 _aNew York ;
_bThe Institute of Electrical and Electronics Engineers, Inc. ,
_cJuly 2022.
300 _avolume 37, pages 7928-7940 :
_billustration ;
_c28 cm.
500 _aIEEE Transactions on Power Electronics, vol. 37, no. 7, pages 7928-7940, July 2022.
700 _aLin, Faa-Jeng.
_eauthor.
_954153
700 _aTan, Kuang-Hsiung.
_eauthor.
_954154
700 _aChang, Chao-Fu.
_eauthor.
_954155
700 _aLi, Meng-Yang.
_eauthor.
_954156
700 _aTseng, Tzu-Yu.
_eauthor.
_954157
942 _2ddc
_cPER
999 _c19558
_d19558